000
00246nam a2200097Ia 4500
001
977758
005
20250826220734.0
008
250824s9999 xx 000 0 und d
245
0
_a
Çetin Ceviz
_c
Harold Gale , Carolyn Skitt
260
_b
TİMAŞ GENÇ
999
_c
977758
_d
977758